Responses for Show #4285 - Friday, March 28, 2003

Contestants

[<< previous game]

Neil Alsip, a writer from Minneapolis, Minnesota

Carolyn Goolsby, a writer from Columbia, South Carolina

Jeff Thompson, a high school teacher from Lake Forest, Illinois (whose 1-day cash winnings total $19,000)

[next game >>]

Jeopardy! Round responses

ALL ABOUT AMSTERDAM
HAIR
SAMUEL JOHNSON'S DICTIONARY
ORGANIZATIONS
TV SERIES EPISODES
LETTER PERFECT
(Alex: A letter of the alphabet, obviously.)
    $200 26
Venice

Carolyn
    $200 11
blonde

Carolyn
    $200 6
jogger

Carolyn
    $200 21
NRA (National Rifle Association)

Carolyn
    $200 1
Hawaii Five-O

Neil
    $200 16
D cell

Carolyn
    $400 27
herring

Jeff
    $400 12
hair/hare-raising

Carolyn
    $400 7
tea

Carolyn
    $400 22
Make-A-Wish Foundation

Neil
    $400 2
(Carolyn: What is "The Bionic Woman?")

The Six Million Dollar Man

CarolynNeil
    $400 17
(Carolyn: What is the much-coveted E ticket?)

E ticket

Carolyn
    $600 28
sea level

Carolyn
    $600 13
pulling it

Carolyn
    $2,000 8
beaver

Carolyn
    $600 23
laundries

Triple Stumper
    $600 3
The Dukes of Hazzard

Neil
    $600 18
S

Neil
    $800 29
old church

Carolyn
    $800 14
L'Oreal

Carolyn
    $800 9
mime

Triple Stumper
    $800 24
Fellowship of Christian Athletes

Carolyn
    $800 4
Star Trek

Carolyn
    $800 19
(Carolyn: What is F?)

H

CarolynNeil
    $1000 30
Amstel River

Jeff
    $1000 15
fox terrier

Carolyn
    $1000 10
grammar

Triple Stumper
    $1000 25
(Neil: What are the boards?)
....
(Alex: Less than a minute to go.)

MCAT (Medical College Admission Test)

CarolynNeil
    $1000 5
The X-Files

Carolyn
    $1000 20
(Neil: What is O?)

L

Neil
Triple Stumper

Scores at the first commercial break (after clue 15):

Jeff Carolyn Neil
$0 $7,000 $1,200

Scores at the end of the Jeopardy! Round:

Jeff Carolyn Neil
$1,400 $10,400 $1,000

Double Jeopardy! Round responses

THE 19th CENTURY
TRANSPORTATION
SHE BLINDED ME WITH SCIENCE
WATCH YOUR TONGUE
SEE YOU IN THE FUNNY PAPERS
"Z"-ING IS BELIEVING
    $400 23
"The Star-Spangled Banner"

Carolyn
    $400 7
black boxes

Carolyn
    $400 6
(Carolyn: What is a glitch?)

bug

CarolynNeil
    $400 12
Cyprus

Carolyn
    $400 1
Dagwood Bumstead

Neil
    $400 17
zoom lens

Carolyn
    $800 24
Henry Ford

Neil
    $800 8
skateboard

Carolyn
    $800 22
leukemia

Jeff
    $800 13
Brazil

Jeff
    $800 2
Brenda Starr

Neil
    $800 18
zipper

Jeff
    $1200 25
(Alex: Minute to go.)

Adolf Hitler

Jeff
    $1200 9
carriage

Carolyn
    $1200 30
(Jeff: What is an electron?)

Nucleus

JeffCarolyn
    $1200 14
(Carolyn: What is Serbian?)
(Neil: What is Slavic?)

Albanian

CarolynNeil
Triple Stumper
    $2,200 3
Momma

Neil
    $1200 19
(Carolyn: What is Zaire?)

Zambia

CarolynNeil
    $1600 29
The Great Exhibition

Neil
    $1600 10
Mercedes-Benz

Neil
    $1600 28
(Neil: What is Vitamin A?)
(Carolyn: What is C?)

Vitamin B12

CarolynNeil
Triple Stumper
    $1600 15
Cantonese

Jeff
    $1600 4
Herman

Carolyn
    $1600 20
Zen

Carolyn
    $2000 26
(Carolyn: What is "Liberty Enlightening the World"...no?)

"Liberty Leading the People"

Carolyn
Triple Stumper
    $2000 11
(Carolyn: What is a penny-tuppance?)

penny-farthing

Carolyn
Triple Stumper
    $2000 27
Elizabeth Blackwell

Triple Stumper
    $3,700 16
(Jeff: What is Japan?)

the Philippines

Jeff
    $2000 5
Trail

Carolyn
    $2000 21
Zagreb

Carolyn

Scores at the end of the Double Jeopardy! Round:

Jeff Carolyn Neil
$1,700 $14,000 $7,200

[wagering suggestions for these scores]

Final Jeopardy! Round responses

IN THE NEWS
JeffWhat is a world expo?
$1,500
NeilWhat is a Golden Anniversary
$6,900
CarolynWhat is a rodeo?
$401
hockey game

Final scores:

Jeff Carolyn Neil
$200 $13,599 $300
3rd place: $1,000 New champion: $13,599 2nd place: $2,000

Game dynamics:

Coryat scores:

Jeff Carolyn Neil
$5,400 $12,600 $6,200
7 R,
2 W
(including 1 DD)
29 R
(including 1 DD),
8 W
14 R
(including 1 DD),
4 W

Combined Coryat: $24,200

[game clues] [game scores] [suggest correction]

Game tape date: 2002-12-04
The J! Archive is created by fans, for fans. Scraping, republication, monetization, and malicious use prohibited; this site may use cookies and collect identifying information. See terms. The Jeopardy! game show and all elements thereof, including but not limited to copyright and trademark thereto, are the property of Jeopardy Productions, Inc. and are protected under law. This website is not affiliated with, sponsored by, or operated by Jeopardy Productions, Inc. Join the discussion at JBoard.tv.